Afrikanische Teams ohne FIFA-WM-Teilnahme - Statistiken

Allgemein
  • Dieses Quiz wurde 14 mal gespielt
  • Das Durchschnittsergebnis liegt bei 37 aus 40
Antwortstatistiken
CAF-Team % Korrekt
Äthiopien
100%
Botswana
100%
Burkina Faso
100%
Gambia
100%
Guinea
100%
Guinea-Bissau
100%
Kenia
100%
Komoren
100%
Madagaskar
100%
Mauretanien
100%
Namibia
100%
Seychellen
100%
Simbabwe
100%
Sudan
100%
Südsudan
100%
Tschad
100%
Uganda
100%
Zentralafrikanische Republik
100%
Äquatorialguinea
93%
Lesotho
93%
Liberia
93%
Malawi
93%
Mali
93%
Republik Kongo
93%
Sambia
93%
São Tomé und Príncipe
93%
Benin
86%
Burundi
86%
Dschibuti
86%
Eritrea
86%
Eswatini
86%
Gabun
86%
Libyen
86%
Mauritius
86%
Mosambik
86%
Niger
86%
Ruanda
86%
Sierra Leone
86%
Somalia
86%
Tansania
86%
Keine übereinstimmenden Quizze gefunden
Verteilung der Resultate
Anzahl Personen mit jedem Resultat
Perzentil nach korrekt beantworteten Fragen
Ihre Resultats-Entwicklung
Sie haben dieses Quiz noch nicht gespielt